Chargement en cours...

Situating tribals in Indian history

Détails bibliographiques
Auteur principal: Palit Chittabrata
Format: Printed Book
Publié: Delhi: B R publishing corporation.
Sujets:
LEADER 00462nam a22001214a 4500
082 |a 954.030772 
100 |a  Palit Chittabrata, 
260 |a Delhi:  |b B R publishing corporation. 
650 |a Situating tribals in Indian history 
245 |a Situating tribals in Indian history  |c by Chittabrata Palit 
942 |c BK 
999 |c 248790  |d 248790 
952 |0 0  |1 0  |4 0  |6 954_030772000000000_PAL  |7 0  |8 G  |9 264138  |a HIS  |b HIS  |d 2020-01-04  |l 0  |o 954.030772 PAL  |p HIS11647  |r 2020-01-04  |t 1  |w 2020-01-04  |y BK